| 000 | 010490000a22001930004500 | ||
|---|---|---|---|
| 041 | 0 | _aSPA | |
| 082 | 0 | 4 | _aG 111 A657s |
| 100 | 1 | _aTomás de Aquino, Santo (1224-1274) | |
| 245 | 1 | 0 | _aSuma contra los gentiles / Tomás de Aquino ; Carlos Ignacio González, Traductor y estudio introductivo |
| 260 | _aMéxico, D.F., México : Porrúa | ||
| 300 | _a730 Pag. | ||
| 505 | 0 | 0 | _alas antiguas influencias -- los siglos XII y XIII -- la escolástica -- santo Tomás de Aquino -- la suma contra los gentiles -- su finalidad -- las bases metafísicas -- unidad entre el ser y el conocer -- el ser -- la actividad -- acto y potencia -- la causalidad -- el hilemorfismo -- elementos corregibles -- las bases teológicas -- la razón y la fe -- la palabra de Dios -- la tradición de la iglesia -- la razón -- estructura de la suma contra los gentiles |
| 650 | 1 | 4 | _aAPOLOGETICA - PRIMERAS OBRAS HASTA 1800 |
| 001 | 684 | ||
| 942 | _cBK | ||
| 999 |
_c32161 _d32161 |
||
| 336 |
_atexto _btxt _2rdacontent |
||
| 337 |
_2rdamedia _asin mediación _bn |
||
| 338 |
_2rdacarrier _avolumen _bnc |
||